• 首页
  • 本馆介绍
  • 公告通知
  • 最新文献
  • 馆藏检索
  • 电子资源
  • 读者导购
  • 参考咨询
  • 我的图书馆
  • 登录
  • 详细信息显示
  • 放入我的书架
  • 预约/预借图书
  • 作者相关作品
  • 分类相关作品
  • 丛书相关作品
  • 出版社相关作品

书目信息

  • 表格格式
  • 工作单格式
  • 卡片格式
题名:
职业心理咨询
    
 
作者: 樊琪 著
分册:  
出版信息: 上海   上海教育出版社  2013
页数: 374页
开本: 24cm
丛书名: 心理咨询与治疗系列丛书
单 册:
中图分类: C913.2
科图分类:
主题词: 职业--zhi ye--应用心理学--心理咨询
电子资源:
ISBN: 978-7-5444-4947-2
000 01077nam0 22002651 450
001 1754518512
005 20170516112211.0
010    @a978-7-5444-4947-2@dCNY52.00
100    @a20140109d2013 em y0chiy50 ea
101 0  @achi
102    @aCN@b310000
105    @ay z 000yy
106    @ar
200 1  @a职业心理咨询@9zhi ye xin li zi xun@dCounselling and psychotherapy@f樊琪著@zeng
210    @a上海@c上海教育出版社@d2013
215    @a374页@d24cm
225 2  @a心理咨询与治疗系列丛书@9xin li zi xun yu zhi liao xi lie cong shu
330    @a本书凝结作者二十多年相关实践的经验与教训,在剖析职业心理咨询的对象、性质、内容、特点和介绍相关理论的基础上,重点阐述职业心理咨询的工作模式、一般方法、常用技术与工具、常见问题及其对策,并通过案例督导来提高咨询师进行相关咨询的专业敏感与实战技能。
461  0 @12001 @a心理咨询与治疗系列丛书
510 1  @aCounselling and psychotherapy@zeng
606 0  @a职业@9zhi ye@x应用心理学@x心理咨询
690    @aC913.2@v5
701  0 @a樊琪@9fan qi@f(1956.4~)@4著
801  0 @aCN@b百万庄@c20170513
905    @b1005960-5@dC913.2@e1008@f6
    
    职业心理咨询=Counselling and psychotherapy/樊琪著.-上海:上海教育出版社,2013
    374页;24cm.-(心理咨询与治疗系列丛书)
    
    
    ISBN 978-7-5444-4947-2:CNY52.00
    本书凝结作者二十多年相关实践的经验与教训,在剖析职业心理咨询的对象、性质、内容、特点和介绍相关理论的基础上,重点阐述职业心理咨询的工作模式、一般方法、常用技术与工具、常见问题及其对策,并通过案例督导来提高咨询师进行相关咨询的专业敏感与实战技能。
●
相关链接 在E读中查询图书 在五车中查询图书 在当当中查询图书 在豆瓣中查询图书


正题名:职业心理咨询     索取号:C913.2/1008         预约/预借

序号 登录号 条形码 馆藏地/架位号 状态 备注
1 1005960   210059602   第一样本阅览室/ [索取号:C913.2/1008] 在馆    
2 1005961   210059611   教育系资料室/ [索取号:C913.2/1008] 在馆    
3 1005962   210059620   教育系资料室/ [索取号:C913.2/1008] 在馆    
4 1005963   210059639   教育系资料室/ [索取号:C913.2/1008] 在馆    
5 1005964   210059648   第一借阅区/ [索取号:C913.2/1008] 在馆    
6 1005965   210059657   第一借阅区/ [索取号:C913.2/1008] 在馆    
唐山师范学院图书馆 欢迎您!
大连网信软件有限公司© 版权所有